A manual of co-operative law and practice :

Enregistré dans:
Détails bibliographiques
Auteur principal: Surridge, B. J
Autres auteurs: Margaret, Digby
Format: Livre
Publié: England : Plunkett Foundation , c1972.
Édition:3rd ed.
Sujets:
Tags: Ajouter un tag
Pas de tags, Soyez le premier à ajouter un tag!

MARC

LEADER 00000nam a2200000 4500
020 |a NA  |c TZS 33/= 
040 |a MUL  |b eng  |e AACR 
082 |a 346.0433 SUR 
100 |a  Surridge, B. J 
245 |a A manual of co-operative law and practice : 
250 |a 3rd ed. 
260 |a England :  |b Plunkett Foundation ,  |c c1972. 
300 |a v, 274 p. :  |c 21 cm. 
504 |a It includes index 
650 |a Cooperative societies--Law and legislation  |z England 
650 |a Co-operative Principles 
650 |a Cooperative societies 
700 |a  Margaret, Digby. 
942 |c BK 
999 |c 1246  |d 1246